000 00470ntaaa2200181 4500
003 01
005 20251027201312.0
008 0714s1973 ag 01
040 _aAR-BaBN
_bspa
_cAR-BaBN
_eaacr
_dRIC
082 _a221.9200 T21
100 _aTaylor, Herbert Wilbraham
_911205
245 _aAbraham; suggestive thoughts for young Christians.
250 _a1 ed.
260 _aLondon :
_bHaughton and Co.,
_cn.f.
300 _a124 p.
500 _a(BiografĂ­a)
942 _cBK
999 _c7423
_d7423